| 000 | 01000nam a22002177a 4500 | ||
|---|---|---|---|
| 999 |
_c12909 _d12909 |
||
| 003 | AR-CdUCM | ||
| 008 | 190410b ||||| |||| 00| 0 spa d | ||
| 040 |
_aMUNICIPALIDAD PROVINCIAL DEL CUSCO _cBIBLIOTECA MUNICIPAL DEL CUSCO |
||
| 082 |
_a869.57 / _bJ84 |
||
| 110 |
_aCentro Andino de Investigación Pedagógica _91943 |
||
| 245 |
_aII juegos florales magisteriales de la región inka : _bColectivizando experiencias docentes / |
||
| 260 |
_aCusco : _bAndina, _c1990. |
||
| 300 |
_a115 paginas ; _bIlustraciones, _c20 cm. |
||
| 505 | _aContenido : Municipalidad y educación -- Adaptación morfo-fisiológica en plantas ornamentales y similares con material casero -- Alternativas de una informática educativa para la región inka -- Una Margarita un eterno recuerdo para Mauro... | ||
| 650 |
_aEducación _9460 |
||
| 650 |
_aMagisterio _92047 |
||
| 650 |
_aRegio inka _931037 |
||
| 710 |
_aCentro Andino de Investigación Pedagógica _91943 |
||
| 942 |
_2ddc _cLIBROS |
||
| 945 |
_awnts _d2019-04-10 |
||